000 00527nam a22001815i 4500
001 171645
003 ES-MaACL
005 20230906214703.0
008 090525s1972 sp |||| | spa d
080 _a658(47+57)
100 1 _aSoldevilla García, Emilio.
_9107116
245 1 3 _aLa empresa soviética /
_cEmilio Soldevilla.
250 _a[1ª ed.].
260 _aBarcelona :
_bNova Terra,
_c[1972]
300 _a169 p., 4 gráf. ;
_c22 cm.
650 1 4 _aEmpresas-
_zURSS.
_9140311
852 _aES-MaACL
_jC-43745
_9R.82634
999 _c171645
_d171645